00477nam a22001577a 450000500170000001000150001702000260003203500140005803700130007208200090008524500750009425000060016926000440017527000790021930000210029820241122124209.0 aENG-142467 c210.00a9788175054943 aEN-125999 bDBAD/PUB a2302 aNaiskarmyasiddhi of Sri Suresvaracarya/cTranslated by S.S Raghavachar a1 aUttarakhandbSwami Shuddhidanandac2019 bUttarakhandmmail@advaitaashrama.orgaAdhyaksha, Advaita Ashrama, Mayavati a288p.c22cm(pbk)